Metodologická východiska a nástin vývoje české kultury po roce 1945 Studie k podkladovému úkolu státního plánu základního výzkumu. Teoreticko-metodologická studie. IX-8-20/01-D/114

Guardado en:
Detalles Bibliográficos
Autor principal: Khel, Richard
Formato: Libro
Lenguaje:checo
Publicado: Praha Ústav pro výzkum kultury 1988
Etiquetas: Agregar Etiqueta
Sin Etiquetas, Sea el primero en etiquetar este registro!

MARC

LEADER 00000nam a2200000 4500
001 c029782
005 20251111085442.1
041 0 |a cze 
044 |a CZ 
245 1 0 |a Metodologická východiska a nástin vývoje české kultury po roce 1945  |b Studie k podkladovému úkolu státního plánu základního výzkumu. Teoreticko-metodologická studie. IX-8-20/01-D/114  |c Richard Khel 
264 1 |a Praha  |b Ústav pro výzkum kultury  |c 1988 
300 |a 108 s. 
100 1 |a Khel, Richard